| 000 | 00585nam a2200181Ia 4500 | ||
|---|---|---|---|
| 008 | 090201s9999 xx 000 0 und d | ||
| 010 | _aKPL-71310 | ||
| 020 | _a81-7424-100-0 | ||
| 040 | _bमराठी | ||
| 041 | _aमराठी | ||
| 082 |
_a49491 _b71310 |
||
| 100 | _aशिरीष कणेकर | ||
| 245 |
_aफटकेबाजी ( रामबाग ) _cशिरीष कणेकर |
||
| 260 |
_c2006 _bराजा प्रकाशन |
||
| 300 |
_a264 _bमध्यम |
||
| 600 | _aफटकेबाजी ( रामबाग ) | ||
| 942 | _cBOOK | ||
| 999 |
_c246048 _d246048 |
||